Provincias españolas con el mayor porcentaje de extranjeros - Estadísticas

Estadísticas generales
  • Esta prueba ha sido intentada 42 veces
  • La puntuación promedio es 8 de 10
Estadísticas de respuestas
% Provincia % Correcto
15,56 Barcelona
95%
16,79 Tarragona
93%
20,54 Gerona
90%
14,82 Murcia
88%
20,38 Alicante
85%
18,89 Lérida
85%
16,75 Málaga
83%
18,70 Baleares
76%
21,92 Almería
73%
15,38 Castellón
71%
No se encontraron pruebas coincidentes
Distribución de puntuación
Porcentaje de gente con cada puntuación
Porcentaje por número respondido
Historial de tus puntuaciones
No has intentado esta prueba.